Score 0/18 Timer 02:00
0 Plays Today
Show Title Answer % Correct
America's Got _____Talent
98.6%
So You _____ You Can Dance?Think
98.2%
Star _____: The Next GenerationTrek
97.6%
The Dick _____ Dyke ShowVan
97.2%
America's Funniest Home _____Videos
96%
_____ and JerryTom
95.2%
Cougar _____Town
94%
Walker, _____ RangerTexas
92.2%
Las _____Vegas
90.2%
Show Title Answer % Correct
_____ PeaksTwin
90.1%
The _____ ZoneTwilight
89.3%
Toddlers and _____Tiaras
83.6%
_____ WolfTeen
68%
_____ DiariesVampire
67%
_____ to the Bottom of the SeaVoyage
51.3%
The _____ Secret Fashion ShowVictoria's
29.9%
Shaq _____Vs
7.8%
The _____ BrothersVenture
5.4%

Today's Daily Dose

Remove Ads.
Support Sporcle.
Get the best of Sporcle when you Go Orange. This ad-free experience offers more features, more stats, and more fun while also helping to support Sporcle. Thank you for becoming a member.

You're not logged in!

Compare scores with friends on all Sporcle quizzes.
OR
Log In

Show Comments

Extras

Top Quizzes Today


Score Distribution

Your Account Isn't Verified!

In order to create a playlist on Sporcle, you need to verify the email address you used during registration. Go to your Sporcle Settings to finish the process.

Report this User

Report this user for behavior that violates our Community Guidelines.

Details: